000 00391nam a2200133Ia 4500
008 220217s9999||||xx |||||||||||||| ||und||
082 _a004.638 4 AGR
100 _aAgrawala, N. Kamalesh
_91241
245 0 _aBusiness on the net: An introduction to the whats and how of
250 _a1st
260 _aMacmillan publishing
_bDelhi
_c2000
300 _b198
650 _aCOMPUTER NETWORK
999 _c166127
_d166127